|
|
|
|
| LEADER |
00000nam a2200000 a 4500 |
| 005 |
20120206102539.0 |
| 007 |
cr|||| |||| |
| 008 |
100927s2010 sp 000 0 spa c |
| 017 |
|
|
|a DL AB. 283-2010
|
| 020 |
|
|
|a 9788415000051
|
| 035 |
|
|
|a 5826
|
| 040 |
|
|
|d vLex
|
| 080 |
|
|
|a 331.105.44(460)
|
| 090 |
|
|
|c 2978
|d 2978
|
| 100 |
1 |
|
|a Yss̉ Molinero, Helena
|
| 245 |
1 |
3 |
|a La Participacin̤ de los sindicatos en las funciones normativas de los poderes pb︢licos
|h [Recurso electrn̤ico] /
|c Helena Yss̉ Molinero
|
| 256 |
|
|
|a Servicio en ln̕ea
|
| 260 |
|
|
|a Albacete :
|b Bomarzo,
|c 2010
|
| 300 |
|
|
|a 1 recurso electrn̤ico
|
| 490 |
1 |
|
|a Coleccin̤ Estudios (Bomarzo)
|
| 500 |
|
|
|a INDICE DEL LIBRO El Estado Social y Democrt̀ico de Derecho: implicaciones participativas. De la participacin̤ a la participacin̤ institucional. El ejercicio de la participacin̤ institucional en Espaą y otros mecanismos de intervencin̤: el dil̀ogo social tripartito.
|
| 504 |
|
|
|a Bibliografa̕: p. 313-334. Referencias bibliogrf̀icas
|
| 506 |
|
|
|a Contenido solo disponible en los productos indicados
|d vLex Global
|d vLex Global (Academic Edition, excluding Law Schools)
|d vLex Global (U.S. Academic Edition, Law Schools)
|d vLex Global (U.S. Academic Edition, excluding Law Schools)
|d vLex Global (Academic Edition, Law Schools)
|
| 650 |
0 |
4 |
|a Sindicatos
|z Espaą
|
| 650 |
0 |
4 |
|a Administracin̤ pb︢lica
|z Espaą
|
| 740 |
0 |
|
|a vLex Libros (Servicio en ln̕ea)
|
| 830 |
|
0 |
|a Estudios (Bomarzo)
|
| 856 |
4 |
0 |
|u http://vlex.com/source/participacion-sindicatos-funciones-normativas-poderes-publicos-5826
|z Acceso restringido
|
| 942 |
|
|
|c BOOK
|
| 999 |
0 |
|
|a Public administration
|
| 999 |
0 |
|
|a Labor unions
|
| 999 |
0 |
|
|a Administrative law
|